Gminy powiatu Przemyskiego - Statystyki

Ogólne statystyki
  • Ten quiz został rozwiązany 48 razy
    47 od ostatniego zresetowania
  • Średni wynik to 6 z 9
Statystyki odpowiedzi
Hint Odpowiedź % Poprawnych
Gmina Medyka
75%
Gmina Bircza
71%
Gmina Fredropol
67%
Gmina Krasiczyn
67%
Gmina Żurawica
67%
Gmina Orły
63%
Gmina Dubiecko
54%
Gmina Stubno
50%
Gmina Krzywcza
42%
Nie znaleziono quizów pasujących do podanych kryteriów
Rozkład punktacji
Procent ludzi z każdym wynikiem
Percentyl według liczby udzielonych odpowiedzi
Twoja historia wyników
Nie rozwiązałeś tego quizu od ostatniego zresetowania